Najwięcej bramek w angielskiej rep. piłki nożnej - Statystyki

Ogólne statystyki
  • Ten quiz został rozwiązany 278 razy
    97 od ostatniego zresetowania
  • Średni wynik to 5 z 11
Statystyki odpowiedzi
Liczba goli Piłkarz % Poprawnych
69 Harry Kane
92%
53 Wayne Rooney
87%
29 Frank Lampard
64%
30 Alan Shearer
62%
40 Micheal Owen
53%
48 Gary Lineker
49%
49 Booby Charlton
46%
44 Jimmy Greaves
9%
30 Nat Lofthouse
2%
30 Tom Finney
2%
29 Vivian Woodward
2%
Nie znaleziono quizów pasujących do podanych kryteriów
Rozkład punktacji
Procent ludzi z każdym wynikiem
Percentyl według liczby udzielonych odpowiedzi
Twoja historia wyników
Nie rozwiązałeś tego quizu od ostatniego zresetowania